Épeler "Donald Trump" - Statistiques

Statistiques générales
  • Ce quiz a été pris 171 fois
  • Le résultat moyen est 10 sur 15
Statistiques - réponses
Lettre Définition Terme % Correct
P Finalement, quelle fonction a-t-il commoncé au 20 janvier? Président des États-Unis
83%
R Son parti Républicain
83%
A Ce qu'il veut faire "great again" America
79%
N Il pourrait détruire la monde vitement avec des armes... Nucléaires
78%
D Il a été un membre de ce parti de 2001 à 2009 Démocrate
77%
O État qui a voté pour lui Ohio
76%
M Sa femme actuelle Melania
74%
N État où il est né New York
70%
D Un des ses fils Donald Jr.
69%
H Son adversaire pendant la campagne électorale Hillary
69%
U Encore une fois un état qui a voté pour lui Utah
67%
J Son deuxième prénom (très difficile ;)) John
62%
O Encore un état qui a voté pour lui Oklahoma
54%
T Une des ses filles Tiffany
26%
L Lieu duTrump International Hotel and Tower Las Vegas
24%
Aucun quiz correspondant
Distribution des résultats
% des personnes avec chaque résultat
Percentile par nombre de réponses
Votre historique - résultats
Vous n’avez pas pris ce quiz